[Event "Women's Speed Chess GP3"]
[Site "chess.com INT"]
[Date "2020.07.09"]
[Round "2.12"]
[White "Ushenina, Anna"]
[Black "Lagno, Kateryna"]
[Result "1/2-1/2"]
[WhiteTitle "GM"]
[BlackTitle "GM"]
[WhiteElo "2416"]
[BlackElo "2546"]
[WhiteFideId "14110911"]
[BlackFideId "14109336"]
[EventDate "2020.07.08"]
[EventType "k.o. blitz"]

1. d4 Nf6 2. Nf3 g6 3. Nbd2 c5 4. dxc5 Qa5 5. b3 Qxc5 6. Bb2 Bg7 7. e3 O-O 8. c4
Qc7 9. g3 b6 10. Bg2 Bb7 11. O-O d6 12. Qe2 Nbd7 13. Rac1 Rac8 14. Nb1 Qb8 15.
Nc3 Rfd8 16. Rfd1 e6 17. Nd4 Nc5 18. Bxb7 Qxb7 19. Ndb5 Ne8 20. e4 a6 21. Nd4
Nf6 22. f3 Nfd7 23. Rd2 Ne5 24. Rcd1 Nc6 25. Nxc6 Qxc6 26. Kg2 h5 27. h4 Bh6 28.
Rd4 Bg7 29. R4d2 Nb7 30. Nb1 Bxb2 31. Rxb2 b5 32. cxb5 axb5 33. Rbd2 d5 34. exd5
exd5 35. Rd4 Nc5 36. R4d2 Ne6 37. Na3 b4 38. Nc2 Qc3 39. Nd4 Nxd4 40. Rxd4 Re8
41. Qf2 Re6 42. R4d3 Qc7 43. Qd4 Rce8 44. R1d2 Re1 45. Rf2 Qc1 46. f4 Rg1+ 47.
Kh2 Rh1+ 48. Kg2 Qg1+ 49. Kf3 Rh3 50. Rg2 Qf1+ 51. Rf2 Qh1+ 52. Rg2 Re1 53. Qf2
Rf1 54. Rxd5 Rxf2+ 55. Kxf2 Rh2 56. Rxh2 Qxh2+ 57. Ke3 Qxa2 58. Rd3 Kg7 59. Kd4
Qb2+ 60. Kc4 Qa3 61. Rd5 Kf6 62. Rb5 Qc1+ 63. Kxb4 Qe1+ 64. Kc5 Qxg3 65. b4 Qxf4
66. Ra5 Qxh4 67. b5 Qf2+ 68. Kc6 Qc2+ 69. Kb7 Qe4+ 70. Ka6 Qa8+ 71. Kb6 Qb8+ 72.
Kc6 Ke6 73. b6 Qd6+ 74. Kb7 Kd7 75. Ra7 Qc6+ 76. Ka6+ Kd6 77. Rxf7 Qa4+ 78. Kb7
Qe4+ 79. Ka7 Qa4+ 80. Kb7 Qc6+ 81. Ka7 Qa4+ 82. Kb7 1/2-1/2

[Event "Women's Speed Chess GP3"]
[Site "chess.com INT"]
[Date "2020.07.09"]
[Round "2.13"]
[White "Ushenina, Anna"]
[Black "Lagno, Kateryna"]
[Result "0-1"]
[WhiteTitle "GM"]
[BlackTitle "GM"]
[WhiteElo "2416"]
[BlackElo "2546"]
[WhiteFideId "14110911"]
[BlackFideId "14109336"]
[EventDate "2020.07.08"]
[EventType "k.o. blitz"]

1. d4 Nf6 2. Nf3 g6 3. Nbd2 c5 4. dxc5 Qa5 5. b3 Bg7 6. Bb2 Qxc5 7. e3 O-O 8. c4
Qc7 9. g3 b6 10. Bg2 Bb7 11. O-O d6 12. Qe2 Nbd7 13. Rac1 Rac8 14. Rfd1 Qb8 15.
Nb1 Rfd8 16. Nc3 e6 17. Nd2 Bxg2 18. Kxg2 Qb7+ 19. Qf3 Qb8 20. e4 a6 21. Qe2 Ne5
22. f4 Nc6 23. Nf3 Qb7 24. Ba3 Ne8 25. Rc2 Rb8 26. Rcc1 b5 27. cxb5 axb5 28.
Qxb5 Qa8 29. Qa4 Qb7 30. Qc4 Rdc8 31. Qd3 Nb4 32. Bxb4 Qxb4 33. Ne2 Qa3 34. Rxc8
Rxc8 35. Rd2 Bb2 36. Rc2 Rxc2 37. Qxc2 Qxa2 38. g4 h6 39. h4 Qa3 40. f5 gxf5 41.
exf5 exf5 42. Qc8 Kf8 43. Qxf5 Bg7 44. Nf4 Qxb3 45. g5 hxg5 46. Nxg5 Qb2+ 47.
Kh3 Qb3+ 48. Kg4 Qd1+ 49. Nf3 Nf6+ 50. Kg3 Qb3 51. Qc8+ Ne8 52. Qf5 Nf6 53. Qc8+
Ne8 54. h5 Be5 55. Qf5 Qc4 56. h6 Qxf4+ 57. Qxf4 Bxf4+ 58. Kxf4 Kg8 59. Ng5 f6
60. Ne6 Kh7 61. Kf5 Kxh6 62. Nf8 Kg7 63. Ng6 Kf7 64. Nf4 Ng7+ 0-1

[Event "Women's Speed Chess GP3"]
[Site "chess.com INT"]
[Date "2020.07.10"]
[Round "3.1"]
[White "Hou, Yifan"]
[Black "Khademalsharieh, Sarasadat"]
[Result "1-0"]
[WhiteTitle "GM"]
[BlackTitle "IM"]
[WhiteElo "2658"]
[BlackElo "2494"]
[WhiteFideId "8602980"]
[BlackFideId "12512214"]
[EventDate "2020.07.08"]
[EventType "k.o. blitz"]

1. e4 e5 2. Nf3 Nc6 3. Bb5 a6 4. Ba4 g6 5. c3 Bg7 6. d4 exd4 7. cxd4 b5 8. d5
bxa4 9. dxc6 Ne7 10. Qxa4 Nxc6 11. O-O O-O 12. Nc3 Rb8 13. Bg5 f6 14. Bf4 Ne5
15. Nxe5 fxe5 16. Be3 d6 17. Qc4+ Kh8 18. b4 Bd7 19. Rac1 Qc8 20. Rfd1 Be6 21.
Nd5 Rf7 22. a3 Rb5 23. Qc6 Bxd5 24. Rxd5 Rxd5 25. Qxd5 Qf8 26. Rc6 Re7 27. Rxa6
Re8 28. Rc6 Bh6 29. Bxh6 Qxh6 30. Rxc7 Qf4 31. Qf7 Qxf7 32. Rxf7 Ra8 33. Rf3 1-0

[Event "Women's Speed Chess GP3"]
[Site "chess.com INT"]
[Date "2020.07.10"]
[Round "3.2"]
[White "Khademalsharieh, Sarasadat"]
[Black "Hou, Yifan"]
[Result "0-1"]
[WhiteTitle "IM"]
[BlackTitle "GM"]
[WhiteElo "2494"]
[BlackElo "2658"]
[WhiteFideId "12512214"]
[BlackFideId "8602980"]
[EventDate "2020.07.08"]
[EventType "k.o. blitz"]

1. d4 Nf6 2. c4 e6 3. Nf3 d5 4. Nc3 Nbd7 5. Bf4 c6 6. e3 Be7 7. h3 O-O 8. Rc1
Ne4 9. a3 Nxc3 10. Rxc3 Nf6 11. Bd3 b6 12. O-O Bb7 13. Ne5 c5 14. dxc5 Bxc5 15.
b4 Be7 16. c5 bxc5 17. bxc5 Qa5 18. Qc2 Rac8 19. c6 Ba6 20. c7 Bxd3 21. Qxd3 Bd6
22. Ng6 Bxf4 23. Ne7+ Kh8 24. Nxc8 Be5 25. Ne7 Bxc3 26. Rc1 Qxc7 27. Rxc3 Qxe7
28. Qa6 h6 0-1

[Event "Women's Speed Chess GP3"]
[Site "chess.com INT"]
[Date "2020.07.10"]
[Round "3.3"]
[White "Hou, Yifan"]
[Black "Khademalsharieh, Sarasadat"]
[Result "1-0"]
[WhiteTitle "GM"]
[BlackTitle "IM"]
[WhiteElo "2658"]
[BlackElo "2494"]
[WhiteFideId "8602980"]
[BlackFideId "12512214"]
[EventDate "2020.07.08"]
[EventType "k.o. blitz"]

1. e4 e5 2. Nf3 Nc6 3. Bb5 a6 4. Ba4 g6 5. c3 Bg7 6. d4 exd4 7. cxd4 b5 8. d5
Na5 9. Bc2 d6 10. O-O Ne7 11. Bd2 Bxb2 12. Bxa5 Bxa1 13. Nc3 Bb2 14. Qd2 O-O 15.
Rb1 Ba3 16. Ne2 Bc5 17. Bc3 f6 18. Qh6 Rf7 19. Qh4 Qf8 20. Ned4 Bd7 21. Ne6 Qc8
22. Nxc5 dxc5 23. Bxf6 Qf8 24. Bb2 Rxf3 25. gxf3 Re8 26. f4 Nc8 27. f5 Qe7 28.
f6 Qf7 29. Rd1 Nb6 30. Qf4 c6 31. dxc6 Bxc6 32. Qd6 Qe6 33. Qxe6+ Rxe6 34. f3
Kf7 35. Kf2 Nc4 36. Ba1 Ne5 37. Bxe5 Rxe5 38. f4 Rh5 39. Kg3 c4 40. h4 Be8 41.
e5 h6 42. Be4 g5 43. hxg5 hxg5 44. f5 Rh4 45. Bd5+ Kf8 46. e6 Bh5 47. e7+ 1-0

[Event "Women's Speed Chess GP3"]
[Site "chess.com INT"]
[Date "2020.07.10"]
[Round "3.4"]
[White "Khademalsharieh, Sarasadat"]
[Black "Hou, Yifan"]
[Result "1/2-1/2"]
[WhiteTitle "IM"]
[BlackTitle "GM"]
[WhiteElo "2494"]
[BlackElo "2658"]
[WhiteFideId "12512214"]
[BlackFideId "8602980"]
[EventDate "2020.07.08"]
[EventType "k.o. blitz"]

1. d4 Nf6 2. c4 e6 3. Nf3 b6 4. g3 Bb4+ 5. Bd2 a5 6. Bg2 Bb7 7. O-O O-O 8. Nc3
d6 9. Rc1 Nbd7 10. Bf4 Bxc3 11. Rxc3 Be4 12. Re1 Qe7 13. Bh3 h6 14. Nd2 e5 15.
Be3 Bb7 16. dxe5 dxe5 17. f3 Rfd8 18. Qc1 Nc5 19. Bf2 Ne6 20. c5 Nd5 21. Rc4 Ba6
22. Rh4 Nxc5 23. Bxc5 bxc5 24. Nb3 c4 25. Nd2 Qc5+ 26. Kh1 Nb6 27. Ne4 Qe7 28.
Bf5 Bb7 29. Nd2 Rd4 30. Rxd4 exd4 31. Nxc4 Nxc4 32. Qxc4 Bxf3+ 33. Kg1 Qe3+ 34.
Kf1 Re8 35. Qd3 Qxd3 36. Bxd3 Bd5 37. Rc1 c6 38. a3 Rb8 39. Rc5 a4 40. Ra5 Rxb2
41. Rxa4 g6 42. Rxd4 Ra2 43. a4 Bb3 44. Rd6 Rxa4 45. Rxc6 Ra1+ 46. Kf2 Rh1 47.
h4 Kg7 48. Rc5 Ra1 49. Be4 Be6 50. Bf3 h5 51. Rc3 Ra7 52. Rc5 Re7 53. Rc3 Ra7
54. Rc5 Re7 55. Rc3 Ra7 1/2-1/2

[Event "Women's Speed Chess GP3"]
[Site "chess.com INT"]
[Date "2020.07.10"]
[Round "3.5"]
[White "Hou, Yifan"]
[Black "Khademalsharieh, Sarasadat"]
[Result "1-0"]
[WhiteTitle "GM"]
[BlackTitle "IM"]
[WhiteElo "2658"]
[BlackElo "2494"]
[WhiteFideId "8602980"]
[BlackFideId "12512214"]
[EventDate "2020.07.08"]
[EventType "k.o. blitz"]

1. e4 e5 2. Nf3 Nc6 3. Bc4 Bc5 4. O-O Nf6 5. d3 a6 6. c3 d6 7. a4 Ba7 8. h3 h6
9. Re1 g5 10. Be3 Rg8 11. Bxa7 Rxa7 12. Nbd2 h5 13. Nf1 g4 14. Nh4 gxh3 15. g3
Ng4 16. Qf3 Qe7 17. Ne3 Be6 18. Nef5 Qg5 19. b4 Ne7 20. b5 Nxf5 21. Nxf5 axb5
22. axb5 Rxa1 23. Rxa1 Kd7 24. b6 c6 25. Nh4 Rg7 26. Bxe6+ fxe6 27. Qf8 h2+ 28.
Kg2 Nxf2 29. Kxf2 Qxg3+ 30. Ke2 Qg4+ 31. Kd2 Qf4+ 32. Qxf4 exf4 33. Rh1 e5 34.
Rxh2 c5 35. Nf3 Kc6 36. Rxh5 Kxb6 37. Rh6 Kc7 38. Rh2 Rg3 39. Ke2 b5 40. Kf2 b4
41. cxb4 cxb4 42. Rh8 Kc6 43. Rb8 Kc5 44. Rc8+ Kb5 45. d4 exd4 46. Nxd4+ Ka5 47.
Ra8+ Kb6 48. Rb8+ Kc5 49. Ne6+ Kc4 50. Nxf4 Ra3 51. Nd5 b3 52. Rb4+ Kc5 53. Rb8
Ra2+ 54. Ke3 b2 55. Nc3 Ra3 56. Kd3 Ra1 57. Rxb2 Rh1 58. Rb5+ Kc6 59. Kd4 Rh3
60. Rf5 Rh1 61. Rf2 Rh3 62. Rc2 Rh5 63. Nd5+ Kb7 64. Rc7+ Kb8 65. Rd7 Kc8 66.
Rxd6 1-0

[Event "Women's Speed Chess GP3"]
[Site "chess.com INT"]
[Date "2020.07.10"]
[Round "3.6"]
[White "Khademalsharieh, Sarasadat"]
[Black "Hou, Yifan"]
[Result "0-1"]
[WhiteTitle "IM"]
[BlackTitle "GM"]
[WhiteElo "2494"]
[BlackElo "2658"]
[WhiteFideId "12512214"]
[BlackFideId "8602980"]
[EventDate "2020.07.08"]
[EventType "k.o. blitz"]

1. d4 Nf6 2. c4 e6 3. Nf3 b6 4. a3 Bb7 5. Nc3 d5 6. cxd5 Nxd5 7. Qc2 Nxc3 8.
bxc3 Nd7 9. e4 c5 10. Bd3 Qc7 11. O-O cxd4 12. cxd4 Qxc2 13. Bxc2 Rc8 14. Bd3
Bd6 15. Bd2 f6 16. a4 a6 17. Rab1 Ke7 18. Rfd1 h6 19. h4 h5 20. Re1 Bb8 21. Ba5
Bc7 22. Bb4+ Bd6 23. Ba5 Bc7 24. Rb2 Rhd8 25. Reb1 Bc6 26. Bb4+ Kf7 27. Bxa6 Ra8
28. Bb5 Bxe4 29. Re1 Bd5 30. Nd2 Nb8 31. Nc4 Na6 32. Bd2 Nb8 33. Ne3 Bb7 34. Rc2
Bd6 35. Rec1 Nd7 36. Rb1 Be4 37. Bxd7 Rxd7 38. Rxb6 Bxc2 39. Nxc2 Rxa4 40. Be3
Ra2 41. Ne1 Ra1 42. Kf1 Bc7 43. Rc6 Ba5 44. Rc1 Rxc1 45. Bxc1 Bxe1 46. Kxe1 Rxd4
47. g3 Kg6 48. Be3 Rd5 0-1

[Event "Women's Speed Chess GP3"]
[Site "chess.com INT"]
[Date "2020.07.10"]
[Round "3.7"]
[White "Hou, Yifan"]
[Black "Khademalsharieh, Sarasadat"]
[Result "1-0"]
[WhiteTitle "GM"]
[BlackTitle "IM"]
[WhiteElo "2658"]
[BlackElo "2494"]
[WhiteFideId "8602980"]
[BlackFideId "12512214"]
[EventDate "2020.07.08"]
[EventType "k.o. blitz"]

1. e4 e5 2. Nf3 Nc6 3. Bc4 Bc5 4. O-O Nf6 5. d3 a6 6. c3 d6 7. a4 Ba7 8. Nbd2
Ne7 9. Re1 Ng6 10. Nf1 O-O 11. h3 c6 12. Bb3 Bb8 13. Ng3 Bc7 14. d4 h6 15. Bc2
Re8 16. Be3 Nh7 17. Qd2 Nh4 18. Nh2 Qf6 19. f4 exf4 20. Bxf4 Ng5 21. Rf1 Qe7 22.
Rae1 Be6 23. Nf5 Qd8 24. Nxh4 Nxh3+ 25. gxh3 Qxh4 26. Rf3 Bxh3 27. Bg3 Qh5 28.
Bd1 Qg6 29. Bc2 Qh5 30. Qf2 Re7 31. Rf4 Bd7 32. Rh4 Qg6 33. e5 f5 34. exf6 Rxe1+
35. Kg2 Qe8 36. Qxe1 Qxe1 37. Bxe1 Re8 38. Kf1 Rf8 39. Bd2 Rxf6+ 40. Rf4 Rxf4+
41. Bxf4 Kf7 42. Nf3 g5 43. Bg3 Ke7 44. Nd2 Be6 45. Ne4 Bf5 46. Kf2 Bb8 47. Ke3
Bc7 48. Bd3 Bxe4 49. Bxe4 Bd8 50. Bf3 d5 51. Bh5 Kf6 52. Be5+ Ke6 53. Bg4+ Kf7
54. Bc8 h5 55. Bxb7 g4 56. Bxc6 Ke6 57. Kf4 Bh4 58. b4 Be1 59. b5 axb5 60. a5
Bd2+ 61. Kg3 Be1+ 62. Kg2 h4 63. a6 h3+ 64. Kh2 b4 65. cxb4 Kf5 66. a7 1-0

[Event "Women's Speed Chess GP3"]
[Site "chess.com INT"]
[Date "2020.07.10"]
[Round "3.8"]
[White "Khademalsharieh, Sarasadat"]
[Black "Hou, Yifan"]
[Result "1/2-1/2"]
[WhiteTitle "IM"]
[BlackTitle "GM"]
[WhiteElo "2494"]
[BlackElo "2658"]
[WhiteFideId "12512214"]
[BlackFideId "8602980"]
[EventDate "2020.07.08"]
[EventType "k.o. blitz"]

1. d4 Nf6 2. c4 e6 3. Nf3 c5 4. d5 exd5 5. cxd5 d6 6. Nc3 g6 7. e4 a6 8. a4 Bg4
9. h3 Bxf3 10. Qxf3 Bg7 11. Qd1 O-O 12. Bd3 Nbd7 13. O-O Rb8 14. Bf4 Ne8 15. Rb1
Qe7 16. Qc2 Nc7 17. Rfe1 b5 18. axb5 axb5 19. b4 c4 20. Bf1 Ra8 21. Bg3 Ra3 22.
Ne2 Rfa8 23. f3 Ra2 24. Qd1 Ne5 25. Nc1 Ra1 26. Rxa1 Rxa1 27. f4 Nd3 28. Bxd3
cxd3 29. Qxd3 h5 30. e5 dxe5 31. d6 Qd7 32. dxc7 Qxc7 33. Nb3 Rxe1+ 34. Bxe1
exf4 35. Nc5 Qe5 36. Bf2 Qa1+ 37. Kh2 Be5 38. Qf3 Qb2 39. Nd3 Qc3 40. Nxe5 Qxe5
41. Bc5 Kh7 42. Qb3 f3+ 43. Kg1 Qe1+ 44. Kh2 Qe5+ 45. Kg1 Qe1+ 46. Kh2 Qe5+ 1/2-1/2

[Event "Women's Speed Chess GP3"]
[Site "chess.com INT"]
[Date "2020.07.10"]
[Round "3.9"]
[White "Hou, Yifan"]
[Black "Khademalsharieh, Sarasadat"]
[Result "0-1"]
[WhiteTitle "GM"]
[BlackTitle "IM"]
[WhiteElo "2658"]
[BlackElo "2494"]
[WhiteFideId "8602980"]
[BlackFideId "12512214"]
[EventDate "2020.07.08"]
[EventType "k.o. blitz"]

1. Nf3 Nf6 2. g3 g6 3. b3 d5 4. Bb2 Bg7 5. Bg2 b6 6. c4 Bb7 7. cxd5 Bxd5 8. O-O
O-O 9. Nc3 Bb7 10. Qc2 c5 11. e3 Nc6 12. a3 Rc8 13. Rad1 a6 14. d4 cxd4 15. Nxd4
Nxd4 16. Rxd4 Qc7 17. Bxb7 Qxb7 18. Qe2 Nd7 19. Nd5 Nc5 20. Rdd1 Rfd8 21. Bxg7
Rxd5 22. Rxd5 Qxd5 23. Bd4 Qxb3 24. Bxc5 bxc5 25. Qxa6 Rd8 26. Rc1 Rd1+ 27. Rxd1
Qxd1+ 28. Kg2 Qd5+ 29. Kf1 c4 30. Qc8+ Kg7 31. a4 Qd1+ 32. Kg2 Qxa4 33. Qc7 Qb5
34. Qxe7 c3 35. Qc7 Qd5+ 36. f3 Qd2+ 37. Kh3 h5 38. Qe5+ Kh7 39. Qe7 Qd5 40. Qc7
Qf5+ 41. Kg2 Qc2+ 42. Kh3 Qb3 43. e4 c2 44. e5 Kg7 45. f4 Qa2 46. f5 gxf5 47.
Kh4 Qd5 48. Qxc2 Qxe5 49. Kh3 Qe4 50. Qc3+ Kg6 51. Qd2 Qg4+ 52. Kg2 h4 53. Qf4
Qxf4 54. gxf4 Kh5 55. Kh3 f6 56. Kg2 Kg4 57. h3+ Kxf4 58. Kf2 Ke4 59. Ke2 f4 60.
Kf2 f3 61. Kf1 Ke3 62. Ke1 f5 63. Kf1 f2 0-1

[Event "Women's Speed Chess GP3"]
[Site "chess.com INT"]
[Date "2020.07.10"]
[Round "3.10"]
[White "Khademalsharieh, Sarasadat"]
[Black "Hou, Yifan"]
[Result "0-1"]
[WhiteTitle "IM"]
[BlackTitle "GM"]
[WhiteElo "2494"]
[BlackElo "2658"]
[WhiteFideId "12512214"]
[BlackFideId "8602980"]
[EventDate "2020.07.08"]
[EventType "k.o. blitz"]

1. d4 Nf6 2. c4 e6 3. Nf3 c5 4. d5 exd5 5. cxd5 d6 6. Nc3 g6 7. e4 a6 8. a4 Bg4
9. h3 Bxf3 10. Qxf3 Bg7 11. Bd3 Nbd7 12. Qd1 O-O 13. O-O Rb8 14. Re1 Ne8 15. a5
Nc7 16. f4 b5 17. axb6 Rxb6 18. Qc2 Nb5 19. Nxb5 axb5 20. Be3 Rb7 21. Ra6 Nb8
22. Ra2 Nd7 23. Bf2 Qe7 24. Be2 g5 25. e5 gxf4 26. exd6 Qxd6 27. Bd3 h6 28. Ra5
c4 29. Bh7+ Kh8 30. Bf5 Ne5 31. Bd4 Nf3+ 32. gxf3 Bxd4+ 33. Kh1 Rg8 34. Rea1 Qf6
35. Bg4 Bxb2 36. Ra6 Qg7 37. R1a2 Bd4 38. Qf5 Qg5 39. Qe4 Bf6 40. Rc6 h5 41.
Raa6 Bg7 42. Bf5 c3 43. Ra1 Bf8 44. Bg4 hxg4 45. fxg4 Bg7 46. Rf1 Re7 47. Qg2
Re3 48. d6 Qh4 49. Rf3 Rxf3 50. Qxf3 Qe1+ 51. Kh2 Qg3+ 52. Qxg3 fxg3+ 53. Kxg3
Rd8 54. h4 b4 55. h5 b3 56. g5 Be5+ 57. Kf3 b2 0-1

[Event "Women's Speed Chess GP3"]
[Site "chess.com INT"]
[Date "2020.07.12"]
[Round "4.1"]
[White "Lagno, Kateryna"]
[Black "Hou, Yifan"]
[Result "1-0"]
[WhiteTitle "GM"]
[BlackTitle "GM"]
[WhiteElo "2546"]
[BlackElo "2658"]
[WhiteFideId "14109336"]
[BlackFideId "8602980"]
[EventDate "2020.07.08"]
[EventType "k.o. blitz"]

1. e4 c5 2. Nf3 d6 3. Bb5+ Bd7 4. Bxd7+ Qxd7 5. d4 cxd4 6. Qxd4 Nc6 7. Qd3 g6 8.
Nc3 Bg7 9. O-O Nf6 10. Nd5 O-O 11. Bg5 Nxd5 12. exd5 Ne5 13. Nxe5 dxe5 14. c4 h6
15. Be3 f5 16. f3 Kh7 17. Rfd1 b6 18. Rac1 e4 19. fxe4 Bxb2 20. Rc2 Be5 21. Bd4
fxe4 22. Qxe4 Bxd4+ 23. Qxd4 Rf6 24. Re2 Raf8 25. Rde1 R8f7 26. h3 h5 27. a4 Rf4
28. Qxf4 Rxf4 29. Rxe7+ Qxe7 30. Rxe7+ Kh6 31. Rxa7 Rxc4 32. d6 Rd4 33. d7 Kg5
34. Kf2 Kf6 35. Ke3 Rd6 36. a5 Ke7 37. a6 b5 38. Kf4 b4 39. Kg5 b3 40. Rb7 Rxa6
41. Rxb3 Kxd7 42. Re3 Ra2 43. g3 Ra6 44. h4 Rb6 45. Kh6 Ra6 46. Re5 Ra3 47. Rg5
Ke7 48. Kxg6 Ra6+ 49. Kxh5 Kf7 50. g4 Ra8 51. Rb5 Rh8+ 52. Kg5 Rg8+ 53. Kf4 1-0

[Event "Women's Speed Chess GP3"]
[Site "chess.com INT"]
[Date "2020.07.12"]
[Round "4.2"]
[White "Hou, Yifan"]
[Black "Lagno, Kateryna"]
[Result "0-1"]
[WhiteTitle "GM"]
[BlackTitle "GM"]
[WhiteElo "2658"]
[BlackElo "2546"]
[WhiteFideId "8602980"]
[BlackFideId "14109336"]
[EventDate "2020.07.08"]
[EventType "k.o. blitz"]

1. e4 e5 2. Nf3 Nc6 3. Bb5 a6 4. Ba4 d6 5. c3 Bd7 6. O-O g6 7. d4 Bg7 8. h3 Nf6
9. Re1 O-O 10. Bc2 Nh5 11. Be3 Kh8 12. Nbd2 Qe8 13. dxe5 Nxe5 14. Nxe5 dxe5 15.
Bc5 Rg8 16. Bb3 Nf4 17. Qc2 g5 18. Nf1 g4 19. h4 b6 20. Be3 Qe7 21. Rad1 Rad8
22. g3 Nh3+ 23. Kh2 Bf6 24. Kg2 Bc6 25. Bd5 Bxd5 26. exd5 e4 27. Bd4 Bxd4 28.
Rxe4 Be5 29. Ne3 f6 30. Nxg4 Qd7 31. f3 h5 32. Nxe5 fxe5 33. Rxe5 Nf4+ 34. Kf2
Qh3 35. Qf5 Qxg3+ 36. Ke3 Rde8 37. Qf6+ Kh7 38. Qf5+ Ng6 39. Qxh5+ Kg7 40. Re4
Rxe4+ 41. Kxe4 Re8+ 42. Kd4 Qf2+ 43. Kc4 Qc5+ 44. Kb3 Qb5+ 45. Ka3 Re2 0-1

[Event "Women's Speed Chess GP3"]
[Site "chess.com INT"]
[Date "2020.07.12"]
[Round "4.3"]
[White "Lagno, Kateryna"]
[Black "Hou, Yifan"]
[Result "1-0"]
[WhiteTitle "GM"]
[BlackTitle "GM"]
[WhiteElo "2546"]
[BlackElo "2658"]
[WhiteFideId "14109336"]
[BlackFideId "8602980"]
[EventDate "2020.07.08"]
[EventType "k.o. blitz"]

1. e4 c5 2. Nf3 a6 3. c3 e6 4. d4 d5 5. e5 Bd7 6. Bd3 Bb5 7. Bxb5+ axb5 8. dxc5
Bxc5 9. b4 Bb6 10. Qe2 Qd7 11. Na3 Ne7 12. Nxb5 O-O 13. a4 Nbc6 14. O-O Ng6 15.
Be3 Bc7 16. Nxc7 Qxc7 17. Bc5 Rfc8 18. Bd6 Qd8 19. Rfd1 Nce7 20. Bc5 b6 21. Bd4
Nf5 22. g3 Rc4 23. Qd2 h6 24. Rdb1 Qc7 25. Rb2 Nge7 26. Kg2 Nc6 27. h4 Nfxd4 28.
cxd4 Qe7 29. a5 Nxb4 30. a6 Rxa6 31. Rxa6 Nxa6 32. Rxb6 Nb4 33. Rb8+ Kh7 34. Qd1
Nc6 35. Qb1+ g6 36. Rb7 Qe8 37. h5 Kg8 38. hxg6 fxg6 39. Nh4 Ne7 40. Rb8 Rc8 41.
Rxc8 Qxc8 42. Nxg6 Nc6 43. Nh4 Nxd4 44. Qg6+ Kf8 45. Qxh6+ Ke7 46. Qg7+ Kd8 47.
Ng6 Nf5 48. Qf6+ Kd7 49. g4 Nd4 50. Qe7+ Kc6 51. Qd6+ Kb5 52. Ne7 Qc2 53. Qb8+
Ka4 54. Qa7+ Kb3 55. Qxd4 1-0

[Event "Women's Speed Chess GP3"]
[Site "chess.com INT"]
[Date "2020.07.12"]
[Round "4.4"]
[White "Hou, Yifan"]
[Black "Lagno, Kateryna"]
[Result "1/2-1/2"]
[WhiteTitle "GM"]
[BlackTitle "GM"]
[WhiteElo "2658"]
[BlackElo "2546"]
[WhiteFideId "8602980"]
[BlackFideId "14109336"]
[EventDate "2020.07.08"]
[EventType "k.o. blitz"]

1. e4 e5 2. Nf3 Nc6 3. Bc4 Nf6 4. d3 Be7 5. O-O O-O 6. Re1 d6 7. a4 Kh8 8. Nc3
Ng8 9. h3 f5 10. Nd5 fxe4 11. dxe4 Be6 12. Qd3 Qd7 13. Ng5 Bxg5 14. Bxg5 Nce7
15. a5 a6 16. Be3 Nf6 17. Nxe7 Qxe7 18. Qb3 Bxc4 19. Qxc4 Nh5 20. Ra3 Nf4 21.
Rb3 Qg5 22. Bxf4 Qxf4 23. Qe2 Rab8 24. g3 Qf7 25. Kg2 h6 26. h4 Kh7 27. Rd1 Qe6
28. Rdd3 Rf6 29. Rf3 c6 30. Rxf6 Qxf6 31. Qf3 Qe6 32. h5 Kg8 33. Qe2 Qd7 34. Rf3
Rf8 35. Qc4+ d5 36. Rxf8+ Kxf8 37. Qc5+ Kf7 38. exd5 cxd5 39. c3 Qc6 40. Qxc6
bxc6 41. Kf3 Ke6 42. g4 Kf6 43. Ke3 c5 44. f3 Ke6 45. b3 Kd6 46. f4 d4+ 47. cxd4
cxd4+ 48. Ke4 exf4 49. Kxd4 Kc6 50. Ke4 Kb5 51. Kxf4 Kxa5 52. g5 Kb4 53. gxh6
gxh6 54. Kf5 Kxb3 55. Kg6 a5 56. Kxh6 a4 57. Kh7 a3 58. h6 a2 59. Kg8 a1=Q 60.
h7 Qa8+ 61. Kg7 Qg2+ 62. Kf8 Qf3+ 63. Kg7 Qg4+ 64. Kf8 Qh5 65. Kg7 Qe5+ 66. Kg8
Qe6+ 67. Kg7 Qe7+ 68. Kg8 Qg5+ 69. Kf8 Qf5+ 70. Kg7 Qd7+ 71. Kg8 Qe8+ 72. Kg7
Qe5+ 73. Kg8 Qg5+ 74. Kh8 Qe7 75. Kg8 Qe6+ 76. Kg7 Qg4+ 77. Kh8 Qd7 78. Kg8 Qe8+
79. Kg7 Qe7+ 80. Kg8 1/2-1/2

[Event "Women's Speed Chess GP3"]
[Site "chess.com INT"]
[Date "2020.07.12"]
[Round "4.5"]
[White "Lagno, Kateryna"]
[Black "Hou, Yifan"]
[Result "0-1"]
[WhiteTitle "GM"]
[BlackTitle "GM"]
[WhiteElo "2546"]
[BlackElo "2658"]
[WhiteFideId "14109336"]
[BlackFideId "8602980"]
[EventDate "2020.07.08"]
[EventType "k.o. blitz"]

1. e4 c5 2. Nf3 e6 3. d4 cxd4 4. Nxd4 Nc6 5. Nc3 d6 6. g4 a6 7. Be3 Nge7 8. Nb3
b5 9. Qe2 Bb7 10. O-O-O Qc7 11. f4 Na5 12. Nxa5 Qxa5 13. Rxd6 Nd5 14. Rxd5 exd5
15. exd5 O-O-O 16. Qf2 Ba3 17. Bd4 b4 18. Bb6 Bxb2+ 19. Kb1 Qa3 20. Nd1 Bf6 21.
Bxd8 Rxd8 22. Bc4 Qa5 23. g5 Bc3 24. Ne3 Qa3 25. Rg1 Qb2# 0-1

[Event "Women's Speed Chess GP3"]
[Site "chess.com INT"]
[Date "2020.07.12"]
[Round "4.6"]
[White "Hou, Yifan"]
[Black "Lagno, Kateryna"]
[Result "0-1"]
[WhiteTitle "GM"]
[BlackTitle "GM"]
[WhiteElo "2658"]
[BlackElo "2546"]
[WhiteFideId "8602980"]
[BlackFideId "14109336"]
[EventDate "2020.07.08"]
[EventType "k.o. blitz"]

1. e4 e5 2. Nf3 Nc6 3. Bb5 a6 4. Ba4 d6 5. c3 Bd7 6. O-O g6 7. d4 Bg7 8. Re1 Nf6
9. h3 O-O 10. Bc2 Nh5 11. Be3 Kh8 12. Nbd2 Qe8 13. Nf1 f5 14. exf5 gxf5 15. dxe5
dxe5 16. Bc5 Rg8 17. Bb3 Be6 18. Bxe6 Qxe6 19. Nd4 Nxd4 20. cxd4 Nf4 21. Qf3
Nxg2 22. Kxg2 e4 23. Kh1 Qg6 24. Qg3 Qh5 25. Ne3 b6 26. Ba3 Bxd4 27. Ng4 Rxg4
28. Qh2 Rh4 0-1

[Event "Women's Speed Chess GP3"]
[Site "chess.com INT"]
[Date "2020.07.12"]
[Round "4.7"]
[White "Lagno, Kateryna"]
[Black "Hou, Yifan"]
[Result "1/2-1/2"]
[WhiteTitle "GM"]
[BlackTitle "GM"]
[WhiteElo "2546"]
[BlackElo "2658"]
[WhiteFideId "14109336"]
[BlackFideId "8602980"]
[EventDate "2020.07.08"]
[EventType "k.o. blitz"]

1. e4 c5 2. Nf3 e6 3. d4 cxd4 4. Nxd4 Nc6 5. Nc3 d6 6. g4 a6 7. Be3 Nge7 8. Nb3
b5 9. Qe2 Na5 10. O-O-O Nc4 11. Bg2 Qc7 12. Kb1 Bb7 13. Bc1 Na3+ 14. bxa3 Qxc3
15. Bb2 Qc7 16. f4 Nc6 17. f5 Ne5 18. fxe6 fxe6 19. g5 Nc4 20. Qh5+ g6 21. Qg4
Nxb2 22. Qxe6+ Be7 23. Kxb2 Rc8 24. Rd2 Rf8 25. Rf1 Qc3+ 26. Kb1 Rxf1+ 27. Bxf1
Qe5 28. Qg8+ Bf8 29. Rf2 Qg7 30. Qe6+ Qe7 31. Qg8 Bxe4 32. Bh3 Rc7 33. Be6 Qg7
34. Re2 Qxg8 35. Bxg8 Re7 36. Bxh7 d5 37. Bg8 Bg7 38. Nc5 Bf3 39. Rxe7+ Kxe7 40.
Nxa6 Be5 41. Nc5 Bxh2 42. a4 bxa4 43. Nxa4 Bf4 44. Nb6 Kd6 45. Bf7 Be4 46. a4
Bxg5 47. a5 Bd8 48. Nxd5 Bxd5 49. Bxg6 Bxa5 50. Bd3 Kc5 51. Bf5 Kd4 52. Bd3 Bc3
53. Bg6 Kc5 54. Bd3 Kb4 55. Bg6 Ka3 56. Kc1 Bc4 57. Bd3 Be6 58. Be4 Bb2+ 59. Kd2
Kb4 60. Bd3 Bc3+ 61. Kc1 Bd4 62. Be4 Kc3 63. Bd3 Be3+ 64. Kb1 Bd2 65. Be4 Bg4
66. Bd3 Be6 67. Be4 Kb4 68. c3+ Kxc3 69. Bg6 Bc4 70. Bh7 Kb3 71. Bg6 Bc3 72. Bh7
Ka3 73. Bg6 Bb3 74. Bh7 Bd4 75. Bg6 Kb4 76. Bh7 Kc3 77. Bg6 Bc5 78. Bh7 Bb4 1/2-1/2